000 00412nam a2200145 i 4500
001 bg
245 0 _aDevelopments in stress analysis for pressurised components /
_ced. by R.W. Nichols.
260 _aLondon :
_bApplied Science Publishers Ltd,
_c1977.
700 1 _aNichols, R. W.
_eRed.
040 _cBPK
041 _apol
080 _a624:539.3/.6
942 _cKS
008 s pl f |000 0 pol
999 _c18423
_d18423
856 _uhttp://koha.tu.koszalin.pl/cgi-bin/koha/opac-detail.pl?biblionumber=18423
_yKatalog online BPK